[Event "Znojmo Rotunda op-A"]
[Site "Znojmo"]
[Date "2023.08.20"]
[Round "2"]
[White "Mirzoev, Azer"]
[Black "Mikulu, Lukas"]
[Result "1-0"]
[WhiteElo "2417"]
[BlackElo "2043"]
[PlyCount "63"]
[EventDate "2023.08.19"]
[EventType "swiss"]
[EventRounds "9"]
[EventCountry "CZE"]
[SourceTitle "CBM 216 Extra"]
[Source "ChessBase"]
[SourceDate "2023.11.30"]
[SourceVersion "1"]
[SourceVersionDate "2023.11.30"]
[SourceQuality "1"]

1. d4 d5 2. c4 c6 3. Nf3 e6 4. Qc2 Nf6 5. Bg5 Nbd7 6. e3 Qa5+ 7. Nbd2 Ne4 8. cxd5 exd5 9. Bh4 Ndf6 10. a3 Bg4 11. Rc1 Bd6 12. Bd3 0-0 13. 0-0 Rfe8 14. h3 Bh5 15. Bxe4 Nxe4 16. Nxe4 Rxe4 17. Ng5 Qb5 18. Nxe4 dxe4 19. Bg3 Bxg3 20. fxg3 Be2 21. Rf4 Rd8 22. Kh2 Bd3 23. Qf2 f6 24. Rc5 Qb3 25. g4 Rd5 26. Rxd5 Qxd5 27. Rf5 Qd8 28. Qf4 h6 29. Rc5 a6 30. b4 Qd7 31. Kg1 Qf7 32. d5 1-0

[Event "CZE-ch Betsys Online Blitz"]
[Site "Chess.com INT"]
[Date "2021.04.17"]
[Round "13"]
[White "Ludvik, Tomas"]
[Black "Mikulu, Lukas"]
[Result "1-0"]
[WhiteElo "2203"]
[BlackElo "2008"]
[PlyCount "83"]
[EventDate "2021.04.17"]
[EventType "swiss (blitz)"]
[EventRounds "13"]
[EventCountry "CZE"]
[SourceTitle "CBM 201 Extra"]
[Source "ChessBase"]
[SourceDate "2021.05.31"]
[SourceVersion "1"]
[SourceVersionDate "2021.05.31"]
[SourceQuality "1"]

1. d4 d5 2. c4 c6 3. Nf3 e6 4. e3 Nf6 5. Nc3 Nbd7 6. Qc2 Be7 7. b3 0-0 8. Bb2 b6 9. Bd3 Bb7 10. 0-0 c5 11. cxd5 exd5 12. Rac1 Rc8 13. Qb1 cxd4 14. Nxd4 Ne5 15. Be2 Ne4 16. Nxe4 dxe4 17. Rfd1 Rxc1 18. Rxc1 Bd6 19. Qa1 Qh4 20. h3 Nf3+ 21. Nxf3 exf3 22. Bxf3 Bxf3 23. gxf3 Qxh3 24. f4 Qg4+ 25. Kf1 Qg6 26. Rd1 Bb8 27. Ba3 Re8 28. Qd4 Qe6 29. Qd5 Qxd5 30. Rxd5 h6 31. Ke2 Kh7 32. Kf3 Kg6 33. f5+ Kf6 34. Bb2+ Be5 35. Rxe5 Rxe5 36. Kf4 g5+ 37. fxg6 fxg6 38. Bxe5+ Ke6 39. Bg7 g5+ 40. Kg4 Kf7 41. Bxh6 Kg6 42. Bxg5 1-0

[Event "Brno Trade op-A 37th"]
[Site "Brno"]
[Date "2012.08.29"]
[Round "5"]
[White "Mikulu, Lukas"]
[Black "Meszaros, Ludek"]
[Result "0-1"]
[WhiteElo "1976"]
[BlackElo "2153"]
[PlyCount "136"]
[EventDate "2012.08.26"]
[EventType "swiss"]
[EventRounds "9"]
[EventCountry "CZE"]
[SourceTitle "CBM 150 Extra"]
[Source "ChessBase"]
[SourceDate "2012.10.19"]
[SourceVersion "1"]
[SourceVersionDate "2012.10.19"]
[SourceQuality "1"]

1. e4 g6 2. d4 Bg7 3. Nc3 d6 4. Be3 c6 5. Qd2 b5 6. Bd3 Nf6 7. f3 Nbd7 8. Bh6 Bxh6 9. Qxh6 Qb6 10. Nge2 b4 11. Nd1 a5 12. Ne3 Ba6 13. Bxa6 Qxa6 14. h4 0-0-0 15. c4 bxc3 16. bxc3 Kc7 17. Rb1 Rb8 18. Kf2 Rhg8 19. c4 a4 20. Qg5 a3 21. e5 dxe5 22. dxe5 h6 23. Qf4 Nh5 24. Qxf7 Rg7 25. Qe6 Nc5 26. Nd5+ cxd5 27. Qxa6 Nxa6 28. g4 Rxb1 29. Rxb1 dxc4 30. gxh5 Kc6 31. Rg1 g5 32. Nd4+ Kd5 33. Nf5 Rh7 34. Ne3+ Kc5 35. hxg5 hxg5 36. Rxg5 e6 37. Rg4 Rxh5 38. Rxc4+ Kb5 39. Rc3 Rh2+ 40. Ng2 Kb4 41. Rb3+ Ka4 42. Kg1 Rh8 43. Nf4 Rc8 44. Ne2 Nb4 45. Nc3+ Rxc3 46. Rxc3 Nxa2 47. Rc8 Nb4 48. Kg2 a2 49. Kg3 Kb3 50. Ra8 Nc2 51. f4 Na3 52. Rb8+ Kc2 53. Rc8+ Kd2 54. Rc6 a1Q 55. Rxe6 Qg1+ 56. Kf3 Nc4 57. Ke4 Qe3+ 58. Kf5 Ke2 59. Rf6 Qg3 60. Ke6 Qg4+ 61. Ke7 Ne3 62. Kd6 Nf5+ 63. Ke6 Ng7+ 64. Ke7 Nh5 65. f5 Qg5 66. Kf7 Qg7+ 67. Ke6 Nxf6 68. exf6 Qf8 0-1

[Event "CZE-chT2E 0910"]
[Site "Czech Republic"]
[Date "2010.03.14"]
[Round "9.4"]
[White "Vesely, Jaromir"]
[Black "Mikulu, Lukas"]
[Result "0-1"]
[WhiteElo "2071"]
[BlackElo "1978"]
[PlyCount "88"]
[EventDate "2009.10.18"]
[EventType "team-tourn"]
[EventRounds "11"]
[EventCountry "CZE"]
[SourceTitle "EXT 2012"]
[Source "ChessBase"]
[SourceDate "2011.11.24"]
[SourceVersion "1"]
[SourceVersionDate "2011.11.24"]
[SourceQuality "1"]
[WhiteTeam "Brno Lokomotiva"]
[BlackTeam "Znojmo"]
[WhiteTeamCountry "CZE"]
[BlackTeamCountry "CZE"]

1. Nf3 d5 2. g3 Nf6 3. Bg2 c6 4. 0-0 Bf5 5. b3 e6 6. Nh4 Bg4 7. Bb2 Nbd7 8. h3 Bh5 9. d3 Bd6 10. Nd2 Qe7 11. Qe1 Be5 12. c3 Bd6 13. f4 0-0-0 14. e4 dxe4 15. dxe4 Bc5+ 16. Kh1 g5 17. fxg5 Ne8 18. b4 Bb6 19. c4 e5 20. c5 Bc7 21. Qe3 f6 22. Nf5 Qe6 23. g4 Bg6 24. Nf3 Qc4 25. a3 Bxf5 26. gxf5 fxg5 27. Nxg5 Ndf6 28. Rfc1 Qd3 29. Qe1 Rg8 30. Ne6 Rd7 31. Rd1 Qc2 32. Bf3 Qxb2 33. Rxd7 Nxd7 34. b5 Qb3 35. Bg4 h5 36. Rb1 Qd3 37. bxc6 bxc6 38. Qb4 Qb5 39. Qe1 Qd3 40. Qb4 Nb6 41. Nxc7 hxg4 42. Qb3 Qxe4+ 43. Kh2 g3+ 44. Kg1 Qd4+ 0-1

[Event "CZE-chT2E 0910"]
[Site "Czech Republic"]
[Date "2010.01.31"]
[Round "6.4"]
[White "Mikulu, Lukas"]
[Black "Banas, Kamil"]
[Result "0-1"]
[WhiteElo "1978"]
[BlackElo "2225"]
[PlyCount "150"]
[EventDate "2009.10.18"]
[EventType "team-tourn"]
[EventRounds "11"]
[EventCountry "CZE"]
[SourceTitle "EXT 2012"]
[Source "ChessBase"]
[SourceDate "2011.11.24"]
[SourceVersion "1"]
[SourceVersionDate "2011.11.24"]
[SourceQuality "1"]
[WhiteTeam "Znojmo"]
[BlackTeam "Hustopece"]
[WhiteTeamCountry "CZE"]
[BlackTeamCountry "CZE"]

1. e4 e5 2. Nc3 Nc6 3. Bc4 Nf6 4. f4 Bb4 5. Nf3 exf4 6. 0-0 d6 7. Nd5 Nxd5 8. exd5 Ne7 9. c3 Ba5 10. d4 0-0 11. Bxf4 Bf5 12. Nh4 Be4 13. Qh5 Ng6 14. Bg5 f6 15. Bd2 Qd7 16. Rae1 Rae8 17. Nf5 Bb6 18. Re3 Bxf5 19. Qxf5 Qxf5 20. Rxf5 Rxe3 21. Bxe3 Re8 22. Bd2 Re4 23. Rf2 Ne5 24. Bf1 Ng4 25. Rf4 Rxf4 26. Bxf4 f5 27. Be2 Nf6 28. Bf3 h6 29. h4 Kh7 30. Kf2 g6 31. Ke2 Kg7 32. Kd3 Nh7 33. Bd2 g5 34. hxg5 hxg5 35. g3 Kg6 36. c4 Nf6 37. b4 a6 38. c5 Ba7 39. a4 g4 40. Bg2 Nh5 41. Be1 f4 42. Ke4 f3 43. Bf1 a5 44. Bb5 axb4 45. Bxb4 Nf6+ 46. Kd3 Nxd5 47. Be8+ Kf6 48. Ba3 f2 49. Ke2 dxc5 50. dxc5 Nc3+ 51. Kxf2 Bxc5+ 52. Bxc5 Ne4+ 53. Ke3 Nxc5 54. Kf4 Ke7 55. Bb5 c6 56. Be2 Nxa4 57. Ke3 Kf6 58. Bxg4 Ke5 59. Bc8 Nc5 60. g4 b5 61. Kd2 Kd4 62. Kc2 Ne4 63. Bd7 Kd5 64. Kb2 b4 65. Bf5 c5 66. Kb3 Nd2+ 67. Kc2 Nf3 68. Bg6 c4 69. Bf7+ Kd4 70. Be6 b3+ 71. Kb2 Nd2 72. g5 c3+ 73. Ka3 b2 74. Ba2 Ke5 75. Kb4 c2 0-1

[Event "CZE-chT2E 0910"]
[Site "Czech Republic"]
[Date "2009.11.08"]
[Round "2.4"]
[White "Mikulu, Lukas"]
[Black "Kubicek, Pavel"]
[Result "1-0"]
[WhiteElo "1978"]
[BlackElo "2031"]
[PlyCount "83"]
[EventDate "2009.10.18"]
[EventType "team-tourn"]
[EventRounds "11"]
[EventCountry "CZE"]
[SourceTitle "EXT 2012"]
[Source "ChessBase"]
[SourceDate "2011.11.24"]
[SourceVersion "1"]
[SourceVersionDate "2011.11.24"]
[SourceQuality "1"]
[WhiteTeam "Znojmo"]
[BlackTeam "Orechov"]
[WhiteTeamCountry "CZE"]
[BlackTeamCountry "CZE"]

1. e4 b6 2. d4 Bb7 3. Bd3 f5 4. exf5 Nf6 5. Nf3 d6 6. 0-0 Qd7 7. c4 Nc6 8. Bd2 0-0-0 9. b4 g6 10. b5 Nb8 11. Ng5 gxf5 12. d5 Rg8 13. Qc2 e6 14. dxe6 Qg7 15. Bxf5 Be7 16. g3 h5 17. Nf7 Ng4 18. Bc3 Ne5 19. f4 h4 20. g4 Qxg4+ 21. Bxg4 Rxg4+ 22. Kf2 Rg2+ 23. Ke1 Rxc2 24. Kd1 Rxh2 25. fxe5 Rg8 26. Nd2 Rg3 27. exd6 cxd6 28. Bb4 Rd3 29. Rg1 a5 30. Rg8+ Kc7 31. Re8 Nc6 32. bxc6 Bxc6 33. Rxe7+ Kc8 34. Nxd6+ Kb8 35. Kc2 Re3 36. Rf1 Bf3 37. Re8+ Ka7 38. Bc3 Bc6 39. Re7+ Ka6 40. a3 Ba4+ 41. Kb2 Rd3 42. Nc8 1-0

[Event "CZE-ch Juniors op-A"]
[Site "Kouty nad Desnou"]
[Date "2009.03.14"]
[Round "9"]
[White "Mikulu, Lukas"]
[Black "Partys, Petr"]
[Result "0-1"]
[WhiteElo "1908"]
[BlackElo "1984"]
[PlyCount "124"]
[EventDate "2009.03.07"]
[EventType "swiss"]
[EventRounds "9"]
[EventCountry "CZE"]
[SourceTitle "EXT 2011"]
[Source "ChessBase"]
[SourceDate "2010.11.26"]
[SourceVersion "1"]
[SourceVersionDate "2010.11.26"]
[SourceQuality "1"]

1. e4 c5 2. Nf3 Nc6 3. d4 cxd4 4. Nxd4 g6 5. Be3 Bg7 6. Bc4 Nf6 7. Nc3 Qa5 8. f3 Qb4 9. Bb3 Nxe4 10. Nxc6 Bxc3+ 11. bxc3 Qxc3+ 12. Ke2 Qxb3 13. Qd4 Qxc2+ 14. Ke1 Qc3+ 15. Qxc3 Nxc3 16. Bd4 bxc6 17. Bxh8 Nd5 18. Rb1 f6 19. Bg7 Kf7 20. Bh6 Ba6 21. Bd2 e5 22. Kf2 Bb5 23. h4 a5 24. h5 g5 25. a3 a4 26. g3 Ke6 27. Rhc1 d6 28. f4 h6 29. Kf3 Ne7 30. Bb4 d5 31. Bc5 Re8 32. fxe5 fxe5 33. Re1 e4+ 34. Kg4 Ng8 35. Kh3 Nf6 36. g4 Rd8 37. Bd4 Rf8 38. Rb2 Nd7 39. Rf2 Rxf2 40. Bxf2 c5 41. Rb1 Bc6 42. Rc1 Kd6 43. Bg3+ Ke6 44. Bf2 c4 45. Bd4 Ne5 46. Rf1 Nf3 47. Rxf3 exf3 48. Kg3 Kf7 49. Kxf3 c3 50. Ke3 c2 51. Kd2 Bd7 52. Kxc2 Bxg4 53. Kd3 Bxh5 54. Be3 Bg6+ 55. Ke2 Kf6 56. Bd4+ Kf5 57. Kf3 h5 58. Bg7 h4 59. Bh8 g4+ 60. Kg2 Kf4 61. Bf6 Be4+ 62. Kh2 h3 0-1

[Event "CZE-ch Juniors op-A"]
[Site "Kouty nad Desnou"]
[Date "2009.03.12"]
[Round "7"]
[White "Mikulu, Lukas"]
[Black "Gruber, Milos"]
[Result "1/2-1/2"]
[WhiteElo "1908"]
[BlackElo "2020"]
[PlyCount "97"]
[EventDate "2009.03.07"]
[EventType "swiss"]
[EventRounds "9"]
[EventCountry "CZE"]
[SourceTitle "EXT 2011"]
[Source "ChessBase"]
[SourceDate "2010.11.26"]
[SourceVersion "1"]
[SourceVersionDate "2010.11.26"]
[SourceQuality "1"]

1. e4 c5 2. Nf3 d6 3. d4 cxd4 4. Nxd4 Nf6 5. Nc3 a6 6. Bc4 e6 7. Be3 Be7 8. Qe2 0-0 9. 0-0-0 Qc7 10. Bb3 b5 11. g4 b4 12. Na4 Nxe4 13. Nb6 Qxb6 14. Nxe6 Nc5 15. Bxc5 dxc5 16. Nxf8 Bxf8 17. Qe8 c4 18. Bxc4 Be6 19. Rd8 Qxd8 20. Qxd8 Bxc4 21. Re1 Bb5 22. Re8 Bxe8 23. Qxe8 a5 24. Qc8 a4 25. Qb7 Ra6 26. Qxb8 a3 27. bxa3 Rxa3 28. Kb2 g6 29. f4 h6 30. f5 gxf5 31. gxf5 Rf3 32. Qb5 Bg7+ 33. Kc1 Bc3 34. Qe2 Rxf5 35. a4 Re5 36. Qg2+ Kh7 37. Kb1 f5 38. Qb7+ Kg6 39. a5 Kg5 40. Qg7+ Kh5 41. Qc7 f4 42. Qf7+ Kg4 43. Qg6+ Kf3 44. Qc6+ Kg4 45. h3+ Kxh3 46. Qxh6+ Kg4 47. Qg6+ Kh3 48. Qb6 f3 49. a6 1/2-1/2

[Event "CZE-ch Juniors op-A"]
[Site "Kouty nad Desnou"]
[Date "2009.03.09"]
[Round "3"]
[White "Zavadil, Michal"]
[Black "Mikulu, Lukas"]
[Result "0-1"]
[WhiteElo "2039"]
[BlackElo "1908"]
[PlyCount "82"]
[EventDate "2009.03.07"]
[EventType "swiss"]
[EventRounds "9"]
[EventCountry "CZE"]
[SourceTitle "EXT 2011"]
[Source "ChessBase"]
[SourceDate "2010.11.26"]
[SourceVersion "1"]
[SourceVersionDate "2010.11.26"]
[SourceQuality "1"]

1. d4 d5 2. c4 c6 3. Nc3 Nf6 4. Nf3 e6 5. e3 Nbd7 6. Bd3 dxc4 7. Bxc4 b5 8. Bd3 a6 9. e4 c5 10. d5 c4 11. dxe6 fxe6 12. Bc2 Qc7 13. Nd4 Nc5 14. 0-0 Bb7 15. f4 0-0-0 16. e5 Nd3 17. Be3 Bc5 18. exf6 Bxd4 19. Bxd4 Rxd4 20. Bxd3 Rxd3 21. Qe2 gxf6 22. Qxe6+ Kb8 23. Ne4 Rhd8 24. Rae1 b4 25. Re2 c3 26. bxc3 bxc3 27. Rc2 Re3 28. Rb1 Rxe4 29. Qxf6 Qc5+ 30. Kh1 Qd4 31. Qxa6 Qd1+ 32. Qf1 Qxc2 33. Rxb7+ Kxb7 34. Qb5+ Kc7 35. Qc5+ Kd7 36. Qd5+ Ke7 37. Qg5+ Ke6 38. f5+ Ke5 39. Qe7+ Kf4 40. Qh4+ Ke3 41. Qg5+ Kd3 0-1

[Event "CZE-chT2D 0809"]
[Site "Czech Republic"]
[Date "2008.10.12"]
[Round "1.7"]
[White "Mikulu, Lukas"]
[Black "Pekarkova, Eva"]
[Result "1/2-1/2"]
[WhiteElo "1908"]
[BlackElo "1981"]
[PlyCount "101"]
[EventDate "2008.10.12"]
[EventType "tourn"]
[EventRounds "11"]
[EventCountry "CZE"]
[SourceTitle "EXT 2010"]
[Source "ChessBase"]
[SourceDate "2010.11.25"]
[SourceVersion "1"]
[SourceVersionDate "2010.11.25"]
[SourceQuality "1"]

1. e4 c5 2. Nf3 Nc6 3. d4 cxd4 4. Nxd4 g6 5. Nc3 Bg7 6. Be3 Nf6 7. f3 0-0 8. Bc4 d6 9. Qd2 Bd7 10. 0-0-0 Rc8 11. Bb3 Ne5 12. h4 Nc4 13. Bxc4 Rxc4 14. h5 Nxh5 15. g4 Nf6 16. Nde2 Qa5 17. Bh6 Rfc8 18. Bxg7 Kxg7 19. Qh6+ Kg8 20. Rd5 Qd8 21. g5 Nh5 22. Nf4 Qf8 23. Nxh5 Qxh6 24. gxh6 gxh5 25. Rg1+ Kh8 26. Rdg5 R4c5 27. Nd5 Re8 28. Rg7 Rcc8 29. Rxf7 Be6 30. Rxe7 Bxd5 31. Rxe8+ Rxe8 32. exd5 Rg8 33. Re1 h4 34. Re4 h3 35. Rh4 Rg3 36. Kd2 Rxf3 37. a4 Rf2+ 38. Kd3 h2 39. b4 Kg8 40. a5 Kf7 41. c4 Kf6 42. Ke3 Rb2 43. c5 Kg5 44. cxd6 Kxh4 45. d7 h1Q 46. d8Q+ Kh3 47. Qc8+ Kh2 48. Qc7+ Kh3 49. Qc8+ Kh2 50. Qc7+ Kh3 51. Qc8+ 1/2-1/2